000 00435nam a2200145 a 4500
001 000036662
005 20200930075847.0
008 120124s1953 es 000 0 spa d
040 _aDO-SdBNP
_bspa
_cBNPHU
100 1 _aZweig, Stefan
_d1881-1942
_913343
245 1 0 _aTres maestros :
_bBalzac, Dickens, Dostoievski /
_cStefan Zweig.
250 _a2a ed.
260 _aBarcelona :
_bEditorial Juventud,
_c1953.
300 _a238 p. ;
_c23 cm.
999 _c36153
_d36153